Bàn thêm về vai trò của người thầy trong đổi mới phương pháp dạy học theo học chế tín chỉ

保存先:
書誌詳細
第一著者: Nguyễn, Duy Mộng Hà
フォーマット: 図書
言語:Undetermined
主題:
オンライン・アクセス:http://lrc.tdmu.edu.vn/opac/search/detail.asp?aID=2&ID=19201
タグ: タグ追加
タグなし, このレコードへの初めてのタグを付けませんか!
Thư viện lưu trữ: Trung tâm Học liệu Trường Đại học Thủ Dầu Một
LEADER 00731nam a2200145Ia 4500
001 TDMU_19201
008 210410s9999 xx 000 0 und d
082 |a 371.2 
100 |a Nguyễn, Duy Mộng Hà 
245 0 |a Bàn thêm về vai trò của người thầy trong đổi mới phương pháp dạy học theo học chế tín chỉ 
245 0 |c Nguyễn Duy Mộng Hà 
300 |a Tr.72-76 
650 |a Phương pháp dạy học; Học chế tín chí; Giáo dục  |x Học chế tín chỉ; Phương pháp giảng dạy và học tập 
856 |u http://lrc.tdmu.edu.vn/opac/search/detail.asp?aID=2&ID=19201 
980 |a Trung tâm Học liệu Trường Đại học Thủ Dầu Một